000 005340000a22001570004500
003 MACL
005 20171126134313.0
008 171126b xxu||||| |||| 00| 0 eng d
040 _cmacl
100 _aमिश्र, अमित कुमार
_969546
245 _aइंटरनेट क्‍या क्‍यो कैसे
260 _aदिल्‍ली
_bविक्र्म प्रकाशन
_c2011
350 _a295
650 _aकम्‍पूटर सांइस
_968033
942 _cHIN
_k004
_2ddc
999 _c46469
_d46469